000 00689nam a22001817a 4500
003 BD-DhUL
005 20180604091317.0
008 180604s0000 ii ||||| |||| 00| 0 ben d
040 _aBD-DhUL
_cBD-DhUL
082 _a891.443
_bSAT
100 1 _aসান্যাল, প্রবোধকুমার
245 0 0 _aতরুণী-সঙ্ঘ /
_cপ্রবোধকুমার সান্যাল
260 _aকলিকাতা :
_bগুরুদাস চট্টোপাধ্যায়,
_c০০০০।
300 _a১২৭ পৃ. ;
_c১৯ সেমি.
650 4 _aবাংলা উপন্যাস
650 4 _aBengali fiction
942 _2ddc
_cBK
999 _c241891
_d241891